000 00939nam a2200265Ia 4500
003 OSt
005 20221005105015.0
006 a|||||r|||| 00| 0
007 ta
008 221004b |||||||| |||| 00| 0 hin d
020 _a8185999708 (hbk)
_c275
024 _a101992
037 _b369, 04/03/2010, Swaraj Prakashan
_cTextual
040 _aCRL
_cCRL
_bhin
041 _2hin
_ahin
082 _aO152,6N30x, P3
100 _aअवस्थी, देवीशंकर
245 0 _aविवेक के कुछ और रंग
246 _aVivek ke kuchh aur ranga
260 _aदिल्ली
_bस्वराज प्रकाशन भारत
_c2003
300 _a208पृ0
_ccm.
650 _aहिन्दी साहित्य
942 _hO152,6N30x, P3
_cTEXL
_2cc
999 _c1014446
_d1014446